000 00577nam a2200181Ia 4500
008 151202s9999||||xx |||||||||||||| ||und||
082 _bPNVM-76469
100 _aसोनवणी संजय
245 _aहि्रण्यदुर्ग
260 _bप्राजक्ता प्रकाशन
260 _c2015
300 _a351
600 _aसोनवणी संजय
630 _aहि्रण्यदुर्ग
700 _aसोनवणी संजय
730 _aहि्रण्यदुर्ग
942 _cBOOK
999 _c1343128
_d1343125